|
|
|
|
| LEADER |
00000nab a2200000 a 4500 |
| 001 |
vtls010027483 |
| 003 |
SK-MaSNL |
| 005 |
20260304030530.0 |
| 008 |
091203c2003 xo r m 000 00slo |
| 015 |
|
|
|a SNBRA2009/12SVKPO
|
| 038 |
|
|
|a SVKPO
|
| 040 |
|
|
|a SVKPOCL
|c slo
|e AACR2
|
| 041 |
0 |
|
|a slo
|
| 044 |
|
|
|a xo
|c SK
|
| 080 |
|
|
|a 81 '27
|2 2001
|
| 080 |
|
|
|a 316.77:81 '42
|2 2001
|
| 080 |
|
|
|a 81 '42
|2 2001
|
| 080 |
|
|
|a 821.162.4:81 '42
|2 2001
|
| 080 |
|
|
|a 371.268
|2 2001
|
| 100 |
1 |
|
|a Kupcová, Jana,
|d 1961-
|4 aut
|9 254506
|
| 245 |
1 |
0 |
|a Uisťovacie otázky v jazykovom systéme a v komunikácii
|c Jana Kupcová
|
| 504 |
|
|
|a Bibliogr. odkazy
|
| 546 |
|
|
|a Res. angl.
|
| 650 |
0 |
7 |
|a slovenčina
|2 svkpocl
|9 1350
|
| 650 |
0 |
7 |
|a jazyková komunikácia
|2 svkpocl
|9 990
|
| 650 |
0 |
7 |
|a otázky
|2 svkpocl
|9 650228
|
| 650 |
0 |
7 |
|a uisťovacie otázky
|2 svkpocl
|9 1308956
|
| 650 |
0 |
7 |
|a komunikačné zručnosti
|2 svkpocl
|9 2691
|
| 773 |
0 |
|
|t Komunikácia a text : zborník materiálov z vedeckej konferencie s medzinárodnou účasťou organizovanej pri príležitosti životného jubilea doc. PhDr. Františka Ruščáka, CSc, v dňoch 15.-16. novembra 2001 v Prešove / ed. Zuzana Stanislavová
|d Prešov : Náuka, 2003
|g S. 205-211
|z 8089038212
|
| 852 |
|
|
|a SVKPO
|b KIS3GCP
|
| 958 |
|
|
|a SK
|
| 958 |
|
|
|a NB
|
| 999 |
|
|
|c 2634493
|d 2636423
|